[Event "Royal City Masters U2200"]
[Site "Guelph CAN"]
[Date "2025.08.05"]
[Round "8.33"]
[White "Nguyen, Minh Thong"]
[Black "Fu, Ashley"]
[Result "1-0"]
[WhiteElo "2147"]
[BlackElo "1867"]
[WhiteFideId "-1"]
[WhiteFideId "-1"]
[PlyCount "43"]
[GameId "2212173533970455"]
[EventDate "2025.08.01"]
[EventType "swiss"]
[EventRounds "9"]
[EventCountry "CAN"]

1. d4 d5 2. c4 e6 3. Nf3 Nf6 4. g3 c5 5. cxd5 exd5 6. Bg2 Nc6 7. O-O Be7 8. Nc3 O-O 9. Bg5 Be6 10. Na4 c4 11. Nc3 a6 12. Ne5 Qd6 13. e4 dxe4 14. Bxf6 gxf6 15. Nxe4 Qxd4 16. Nxc6 Qxd1 17. Nxe7+ Kg7 18. Rfxd1 Rab8 19. Nc5 Rfe8 20. Nd5 Rec8 21. Nxe6+ fxe6 22. Nb6 1-0

[Event "Royal City Masters U2200"]
[Site "Guelph CAN"]
[Date "2025.08.05"]
[Round "8.34"]
[White "Fischer, Jacob"]
[Black "Fu, Odyssey"]
[Result "0-1"]
[WhiteElo "1809"]
[BlackElo "1981"]
[WhiteFideId "-1"]
[WhiteFideId "-1"]
[PlyCount "76"]
[GameId "2212173533970456"]
[EventDate "2025.08.01"]
[EventType "swiss"]
[EventRounds "9"]
[EventCountry "CAN"]

1. d4 d5 2. c4 e6 3. Nc3 Nf6 4. cxd5 exd5 5. Bg5 Be7 6. Qc2 h6 7. Bh4 c6 8. e3 O-O 9. Bd3 Be6 10. Nge2 Nh5 11. Bg3 Nd7 12. O-O c5 13. Bf5 Nxg3 14. hxg3 Bg5 15. Bxe6 fxe6 16. dxc5 Nxc5 17. Rfd1 Rc8 18. Nf4 Bxf4 19. gxf4 Ne4 20. Qb3 Nxc3 21. bxc3 Qe7 22. Re1 Rc4 23. Rab1 b6 24. Rbc1 Qc7 25. Rc2 Rc8 26. Rec1 Qc5 27. a3 b5 28. Kh2 a6 29. g3 Qc6 30. Kg1 Kf7 31. Kh2 Rc5 32. g4 Rc4 33. Kg3 Qd6 34. Re2 g5 35. Qb1 gxf4+ 36. Kh3 Kg7 37. f3 fxe3 38. Rxe3 d4 0-1

[Event "Royal City Masters U2200"]
[Site "Guelph CAN"]
[Date "2025.08.05"]
[Round "8.35"]
[White "Ming, Wenyang"]
[Black "Lazarev, Shon"]
[Result "1-0"]
[WhiteElo "1974"]
[BlackElo "1872"]
[WhiteFideId "-1"]
[WhiteFideId "-1"]
[PlyCount "93"]
[GameId "2212173533974553"]
[EventDate "2025.08.01"]
[EventType "swiss"]
[EventRounds "9"]
[EventCountry "CAN"]

1. e4 e6 2. d4 d5 3. Nc3 Nf6 4. e5 Nfd7 5. f4 c5 6. Nf3 Nc6 7. Be3 Rb8 8. Nb5 a6 9. Nd6+ Bxd6 10. exd6 c4 11. f5 exf5 12. Bg5 f6 13. Bf4 O-O 14. h4 Ra8 15. h5 Nb6 16. Nh4 Re8+ 17. Kf2 Be6 18. c3 Qd7 19. Qf3 Rad8 20. Rh3 Nc8 21. Bxc4 Nxd4 22. cxd4 dxc4 23. d5 Bf7 24. Rg3 Kh8 25. h6 Rg8 26. hxg7+ Rxg7 27. Rxg7 Kxg7 28. Bh6+ Kh8 29. Nxf5 Rg8 30. Ne7 Qxd6 31. Nxg8 Bxg8 32. Qg4 Qc7 33. Re1 Nd6 34. Re6 Bxe6 35. Qxe6 Qd8 36. Bf4 Ne8 37. d6 Kg7 38. d7 Nc7 39. Bxc7 Qxc7 40. Qe7+ Kg6 41. d8=Q Qf4+ 42. Ke2 Qg4+ 43. Ke1 Qg3+ 44. Kd1 Qg4+ 45. Qe2 Qf4 46. Qg8+ Kh6 47. Qd2 1-0

[Event "Royal City Masters U2200"]
[Site "Guelph CAN"]
[Date "2025.08.05"]
[Round "8.36"]
[White "Winfield, Jordan"]
[Black "Li, Jerry"]
[Result "0-1"]
[WhiteElo "1890"]
[BlackElo "1819"]
[WhiteFideId "-1"]
[WhiteFideId "-1"]
[PlyCount "30"]
[GameId "2212173533974554"]
[EventDate "2025.08.01"]
[EventType "swiss"]
[EventRounds "9"]
[EventCountry "CAN"]

1. c4 e5 2. Nc3 Nc6 3. Nf3 Nf6 4. e3 Bb4 5. Qc2 Bxc3 6. bxc3 d6 7. d4 O-O 8. Bd3 Re8 9. d5 Nb8 10. Bf5 Bxf5 11. Qxf5 Nbd7 12. h4 e4 13. Nd4 Ne5 14. h5 Nd3+ 15. Ke2 Re5 0-1

[Event "Royal City Masters U2200"]
[Site "Guelph CAN"]
[Date "2025.08.05"]
[Round "8.37"]
[White "Leliveld, Andrew"]
[Black "Nassif, Aba"]
[Result "0-1"]
[WhiteElo "1969"]
[BlackElo "2100"]
[WhiteFideId "-1"]
[WhiteFideId "-1"]
[PlyCount "44"]
[GameId "2212173533978651"]
[EventDate "2025.08.01"]
[EventType "swiss"]
[EventRounds "9"]
[EventCountry "CAN"]

1. f4 e5 2. fxe5 d6 3. exd6 Bxd6 4. Nf3 Bg4 5. e3 h5 6. Nc3 h4 7. Be2 Nd7 8. d4 Ngf6 9. Qd3 Qe7 10. Bd2 h3 11. g3 Bb4 12. O-O-O Bxc3 13. Bxc3 Ne4 14. Rhf1 Rh6 15. Bb4 c5 16. dxc5 Nexc5 17. Qd4 f5 18. Bxc5 Nxc5 19. Bb5+ Kf8 20. Bc4 Ne4 21. Qd5 Nf6 22. Kb1 Nxd5 0-1

[Event "Royal City Masters U2200"]
[Site "Guelph CAN"]
[Date "2025.08.05"]
[Round "8.38"]
[White "Runstedler, Albert"]
[Black "Obrovac, Zvonko"]
[Result "0-1"]
[WhiteElo "1811"]
[BlackElo "2084"]
[WhiteFideId "-1"]
[WhiteFideId "-1"]
[PlyCount "36"]
[GameId "2212173533978652"]
[EventDate "2025.08.01"]
[EventType "swiss"]
[EventRounds "9"]
[EventCountry "CAN"]

1. d4 Nf6 2. c4 g6 3. f3 d5 4. Nc3 Bg7 5. cxd5 Nxd5 6. e4 Nb6 7. Be3 O-O 8. h4 Nc6 9. Nge2 Nc4 10. Qc1 Nxe3 11. Qxe3 Nxd4 12. Nxd4 Bxd4 13. Qd2 Be5 14. Qh6 Bg3+ 15. Ke2 Qd4 16. Qe3 Qb4 17. Rb1 Rd8 18. f4 Bg4+ 0-1

[Event "Royal City Masters U2200"]
[Site "Guelph CAN"]
[Date "2025.08.05"]
[Round "8.39"]
[White "Satish Alwar, Dharsan"]
[Black "Syed, Farhaan"]
[Result "1-0"]
[WhiteElo "1792"]
[BlackElo "1815"]
[WhiteFideId "-1"]
[WhiteFideId "-1"]
[PlyCount "107"]
[GameId "2212173533982749"]
[EventDate "2025.08.01"]
[EventType "swiss"]
[EventRounds "9"]
[EventCountry "CAN"]

1. d4 d5 2. Nf3 Nf6 3. e3 Bf5 4. Bd3 Bg6 5. c3 c6 6. Qc2 Nbd7 7. Nbd2 e6 8. O-O Be7 9. Re1 Bxd3 10. Qxd3 O-O 11. e4 dxe4 12. Nxe4 Nxe4 13. Qxe4 Nf6 14. Qc2 c5 15. dxc5 Bxc5 16. Bg5 h6 17. Bh4 Be7 18. Rad1 Qb6 19. Ne5 Rfd8 20. Bxf6 Rxd1 21. Rxd1 Bxf6 22. Nd7 Qd8 23. Qe4 Qc7 24. Nxf6+ gxf6 25. g3 f5 26. Qa4 Rd8 27. Rxd8+ Qxd8 28. Qxa7 Qd1+ 29. Kg2 Qd5+ 30. f3 Qd2+ 31. Qf2 Qxf2+ 32. Kxf2 Kf8 33. c4 b6 34. a4 Ke7 35. b4 Kd6 36. Ke3 e5 37. h3 h5 38. h4 Ke6 39. a5 bxa5 40. bxa5 Kd6 41. a6 Kc6 42. a7 Kb7 43. g4 hxg4 44. fxg4 fxg4 45. h5 f5 46. h6 f4+ 47. Kf2 g3+ 48. Kg2 e4 49. h7 e3 50. h8=Q e2 51. a8=Q+ Kb6 52. Qd4+ Kc7 53. Qaa7+ Kc8 54. Qdd7# 1-0

[Event "Royal City Masters U2200"]
[Site "Guelph CAN"]
[Date "2025.08.05"]
[Round "8.40"]
[White "Cheung, Oscar"]
[Black "Tian, Dylan"]
[Result "1/2-1/2"]
[WhiteElo "1815"]
[BlackElo "1769"]
[WhiteFideId "-1"]
[WhiteFideId "-1"]
[PlyCount "24"]
[GameId "2212173533982750"]
[EventDate "2025.08.01"]
[EventType "swiss"]
[EventRounds "9"]
[EventCountry "CAN"]

1. e4 c5 2. Nf3 e6 3. Nc3 a6 4. d4 cxd4 5. Nxd4 Qc7 6. a3 Nf6 7. f3 b5 8. Be3 Nc6 9. Nxc6 dxc6 10. a4 b4 11. Ne2 e5 12. Ng3 Be6 1/2-1/2

[Event "Royal City Masters U2200"]
[Site "Guelph CAN"]
[Date "2025.08.05"]
[Round "8.41"]
[White "Pottinger, Carl"]
[Black "Husic, Elvis"]
[Result "0-1"]
[WhiteElo "1710"]
[BlackElo "1885"]
[WhiteFideId "-1"]
[WhiteFideId "-1"]
[PlyCount "110"]
[GameId "2212173533986847"]
[EventDate "2025.08.01"]
[EventType "swiss"]
[EventRounds "9"]
[EventCountry "CAN"]

1. d4 Nf6 2. Bf4 g6 3. Nc3 Bg7 4. e4 d6 5. Qd2 O-O 6. f3 Nbd7 7. O-O-O b6 8. e5 dxe5 9. dxe5 Nh5 10. Bh6 Bxe5 11. Bb5 Bd6 12. g4 Ng7 13. Bc6 Rb8 14. h4 Ne5 15. Bd5 e6 16. Be4 f5 17. gxf5 gxf5 18. Bd3 Bb7 19. Rh3 Rf7 20. Nce2 Nh5 21. Nd4 Nxd3+ 22. cxd3 Bd5 23. Kb1 f4 24. Nge2 Ng3 25. Bg5 Qf8 26. Rg1 Kh8 27. Nc3 Qg7 28. Nxd5 Qxd4 29. Qc3 Be5 30. Rgxg3 fxg3 31. Qxd4 Bxd4 32. Nf4 Rxf4 33. Bxf4 g2 34. Bh2 g1=Q+ 35. Bxg1 Bxg1 36. Rg3 Rg8 37. Rh3 Bd4 38. b3 Rg2 39. h5 Kg7 40. Rh4 c5 41. Re4 Kf6 42. Rf4+ Ke7 43. Re4 Rg5 44. Rh4 Bf6 45. Ra4 a5 46. a3 Rxh5 47. Re4 Rh4 48. f4 Bd4 49. b4 axb4 50. axb4 e5 51. bxc5 bxc5 52. Kc2 Rxf4 53. Re1 h5 54. Kb3 h4 55. Rh1 Kf6 0-1

[Event "Royal City Masters U2200"]
[Site "Guelph CAN"]
[Date "2025.08.06"]
[Round "9.20"]
[White "Lin, Austin"]
[Black "Iordanescu, Victor Nicolae"]
[Result "1-0"]
[WhiteElo "2128"]
[BlackElo "2038"]
[WhiteFideId "-1"]
[WhiteFideId "-1"]
[PlyCount "81"]
[GameId "2212173589942355"]
[EventDate "2025.08.01"]
[EventType "swiss"]
[EventRounds "9"]
[EventCountry "CAN"]

1. e4 c5 2. Nf3 d6 3. d4 cxd4 4. Nxd4 Nf6 5. Nc3 a6 6. h3 e5 7. Nde2 h5 8. g3 Be6 9. Bg2 b5 10. a4 b4 11. Nd5 Bxd5 12. exd5 a5 13. c3 bxc3 14. Nxc3 Be7 15. Be3 Nbd7 16. Rc1 Rc8 17. Nb5 O-O 18. Rc6 e4 19. f4 exf3 20. Bxf3 Ne5 21. Rc3 Qd7 22. Bg2 Qf5 23. Nd4 Qg6 24. O-O Rxc3 25. bxc3 Re8 26. Nf5 h4 27. Nxh4 Qxg3 28. Nf5 Qg6 29. Bd4 Bf8 30. Ne3 Nh5 31. Ng4 f5 32. Ne3 f4 33. Ng4 Qg5 34. Bxe5 dxe5 35. d6 e4 36. d7 Bc5+ 37. Kh2 Rd8 38. Bxe4 Qh4 39. Rf3 Qg5 40. Ne5 Nf6 41. Ng6 1-0

[Event "Royal City Masters U2200"]
[Site "Guelph CAN"]
[Date "2025.08.06"]
[Round "9.21"]
[White "Bluvshtein, Ilia"]
[Black "Qian, Eric"]
[Result "1/2-1/2"]
[WhiteElo "2081"]
[BlackElo "2097"]
[WhiteFideId "-1"]
[WhiteFideId "-1"]
[PlyCount "147"]
[GameId "2212173589942356"]
[EventDate "2025.08.01"]
[EventType "swiss"]
[EventRounds "9"]
[EventCountry "CAN"]

1. e4 e5 2. Nf3 Nc6 3. d4 exd4 4. Nxd4 Nf6 5. Nc3 Bb4 6. Nxc6 bxc6 7. Bd3 O-O 8. O-O d5 9. exd5 cxd5 10. Bg5 c6 11. Qf3 Bd6 12. h3 Rb8 13. Rab1 h6 14. Bd2 Re8 15. b3 Rb4 16. Rfe1 Be6 17. Ne2 Rb8 18. Nd4 Bd7 19. Nf5 Bxf5 20. Qxf5 Rxe1+ 21. Rxe1 Rb7 22. Bc3 Re7 23. Rxe7 Bxe7 24. g3 a5 25. Kg2 Bb4 26. Be5 Bc5 27. Qf4 Ne8 28. Bc3 Bb6 29. Qe5 Nf6 30. b4 axb4 31. Bxb4 c5 32. Bd2 Bc7 33. Qf5 Bd6 34. a4 c4 35. Be2 Qe8 36. Bf3 Qxa4 37. Bxd5 Nxd5 38. Qxd5 Bf8 39. Qd8 Qb5 40. Kh2 Qf5 41. Be3 h5 42. c3 Qe5 43. Bd4 Qd6 44. Qg5 g6 45. Qb5 Qc7 46. Qd5 Bg7 47. Bxg7 Kxg7 48. Kg2 Qc8 49. Kf3 h4 50. Qd4+ Kg8 51. Qxh4 Qf5+ 52. Qf4 Qd3+ 53. Qe3 Qd5+ 54. Qe4 Qd1+ 55. Kg2 Qb3 56. Qd4 Qb7+ 57. Kf1 Qc6 58. h4 Qe6 59. Qe3 Qf5 60. Kg2 Qd5+ 61. f3 Qf5 62. Qd4 Qc2+ 63. Kh3 Qf5+ 64. Qg4 Qd3 65. Qd4 Qf5+ 66. Kg2 Qc2+ 67. Kf1 Qc1+ 68. Ke2 Qc2+ 69. Ke3 Qc1+ 70. Ke4 Qc2+ 71. Kd5 Qd3 72. Kc5 Qxf3 73. Kxc4 Qxg3 74. Qf6 1/2-1/2

[Event "Royal City Masters U2200"]
[Site "Guelph CAN"]
[Date "2025.08.06"]
[Round "9.22"]
[White "Desforges, Jean"]
[Black "Kola, Venkat Karthikeya R"]
[Result "0-1"]
[WhiteElo "2013"]
[BlackElo "2140"]
[WhiteFideId "-1"]
[WhiteFideId "-1"]
[PlyCount "88"]
[GameId "2212173589942357"]
[EventDate "2025.08.01"]
[EventType "swiss"]
[EventRounds "9"]
[EventCountry "CAN"]

1. d4 Nf6 2. c4 e6 3. Nf3 d5 4. g3 Be7 5. Bg2 O-O 6. O-O c6 7. Nc3 Nbd7 8. b3 b6 9. Bb2 Bb7 10. Nd2 c5 11. cxd5 cxd4 12. d6 Bxg2 13. dxe7 Qxe7 14. Kxg2 dxc3 15. Bxc3 Rac8 16. Rc1 Rfd8 17. Bb2 Nc5 18. Bxf6 Qxf6 19. b4 Nb7 20. Ne4 Qe5 21. Rxc8 Rxc8 22. f3 Rd8 23. Qc2 f5 24. Nf2 Nd6 25. Nd3 Qf6 26. Qc6 Qe7 27. Qa4 e5 28. Qb3+ Kh8 29. Qc3 e4 30. Qe5 Qb7 31. Nf4 Nc4 32. Qc3 b5 33. Ne6 Re8 34. Nc5 exf3+ 35. exf3 Qe7 36. Kg1 a5 37. a3 a4 38. Qd3 Rd8 39. Qxf5 Qe3+ 40. Kh1 Qe2 41. Rg1 Nd2 42. Rg2 Qe3 43. Ne6 Nxf3 44. Qc2 Qe1+ 0-1

[Event "Royal City Masters U2200"]
[Site "Guelph CAN"]
[Date "2025.08.06"]
[Round "9.23"]
[White "Colvin, Andrew"]
[Black "Deepak, Laksshana"]
[Result "0-1"]
[WhiteElo "2034"]
[BlackElo "2135"]
[WhiteFideId "-1"]
[WhiteFideId "-1"]
[PlyCount "86"]
[GameId "2212173589942358"]
[EventDate "2025.08.01"]
[EventType "swiss"]
[EventRounds "9"]
[EventCountry "CAN"]

1. e4 e6 2. d4 d5 3. e5 c5 4. c3 Nc6 5. Nf3 Qb6 6. a3 c4 7. Nbd2 Na5 8. Rb1 Bd7 9. h4 Qc7 10. Be2 Ne7 11. h5 h6 12. Rh3 Nc8 13. Kf1 Nb6 14. Rg3 Ba4 15. Qe1 Bc2 16. Ra1 Qc6 17. Bd1 Qa4 18. Bxc2 Qxc2 19. Qe2 Qa4 20. Ne1 O-O-O 21. Kg1 Rd7 22. Rb1 Rc7 23. Ndf3 Qd7 24. Qc2 Na4 25. Nd2 Qb5 26. f4 Rc6 27. f5 Rb6 28. fxe6 fxe6 29. Qg6 Kd8 30. Nef3 Qe8 31. Nh4 Be7 32. Ndf3 Nxc3 33. bxc3 Qxg6 34. Nxg6 Rxb1 35. Nxh8 Rxc1+ 36. Kh2 Rxc3 37. Rxg7 Rxa3 38. Nf7+ Ke8 39. Nd6+ Bxd6 40. exd6 Rxf3 41. gxf3 c3 42. Rg2 b5 43. Rc2 b4 0-1

[Event "Royal City Masters U2200"]
[Site "Guelph CAN"]
[Date "2025.08.06"]
[Round "9.24"]
[White "Heran-Boily, Samuel"]
[Black "Chertkow, Matthew"]
[Result "1/2-1/2"]
[WhiteElo "2058"]
[BlackElo "1855"]
[WhiteFideId "-1"]
[WhiteFideId "-1"]
[PlyCount "88"]
[GameId "2212173589942359"]
[EventDate "2025.08.01"]
[EventType "swiss"]
[EventRounds "9"]
[EventCountry "CAN"]

1. e4 e5 2. Nf3 Nc6 3. Bb5 f5 4. exf5 e4 5. Qe2 Qe7 6. Bxc6 bxc6 7. Nd4 Nf6 8. Nc3 Qe5 9. Nf3 Qxf5 10. d3 Ba6 11. Nxe4 Nxe4 12. Qxe4+ Qxe4+ 13. dxe4 O-O-O 14. Be3 Re8 15. Nd2 Bb4 16. c3 Bd6 17. O-O-O Rhf8 18. f3 h6 19. Nb3 g5 20. Nd4 g4 21. Nf5 Rxf5 22. exf5 gxf3 23. Bxh6 fxg2 24. Rhg1 Rh8 25. Bg7 Rxh2 26. f6 Bc4 27. b3 Bc5 28. bxc4 Bxg1 29. f7 Bc5 30. Bd4 Ba3+ 31. Kb1 Rh1 32. Kc2 Rf1 33. c5 d6 34. Rd2 Rxf7 35. Rxg2 Bxc5 36. Bxc5 dxc5 37. Rg5 Rf2+ 38. Kb1 Kb7 39. Rxc5 Kb6 40. Rh5 c5 41. Rh8 Kb7 42. Rh5 Kb6 43. Rh8 Kb7 44. Rh5 Kb6 1/2-1/2

[Event "Royal City Masters U2200"]
[Site "Guelph CAN"]
[Date "2025.08.06"]
[Round "9.25"]
[White "Fillmore, Louis"]
[Black "Ramesan, Raunak Amit"]
[Result "0-1"]
[WhiteElo "1998"]
[BlackElo "2016"]
[WhiteFideId "-1"]
[WhiteFideId "-1"]
[PlyCount "90"]
[GameId "2212173589942360"]
[EventDate "2025.08.01"]
[EventType "swiss"]
[EventRounds "9"]
[EventCountry "CAN"]

1. e4 c5 2. Nc3 Nc6 3. Bb5 Nd4 4. Nf3 a6 5. Bd3 g6 6. Nxd4 cxd4 7. Ne2 Bg7 8. c3 dxc3 9. dxc3 Nf6 10. O-O d6 11. Be3 O-O 12. Qd2 b6 13. Bh6 Bb7 14. Bxg7 Kxg7 15. Ng3 Qc7 16. Rad1 Rfd8 17. Rfe1 Rac8 18. Qg5 Kh8 19. h4 Qc5 20. Qf4 Qe5 21. Qe3 Qc5 22. Qf4 Kg7 23. Re3 Qe5 24. Qf3 d5 25. Rde1 d4 26. cxd4 Rxd4 27. Ne2 Rdd8 28. Nc3 b5 29. a3 h5 30. Bc2 Ng4 31. Rd3 Rxd3 32. Bxd3 Qh2+ 33. Kf1 Qxh4 34. Ke2 Rd8 35. g3 Qg5 36. Qf4 Qxf4 37. gxf4 Nxf2 38. Bxb5 Nxe4 39. Nxe4 axb5 40. Nc5 Bc6 41. Rc1 h4 42. Ne6+ fxe6 43. Rxc6 h3 44. Kf1 Rd1+ 45. Kf2 h2 0-1

[Event "Royal City Masters U2200"]
[Site "Guelph CAN"]
[Date "2025.08.06"]
[Round "9.26"]
[White "Huang, Justin"]
[Black "Dembla, Shabd"]
[Result "0-1"]
[WhiteElo "1988"]
[BlackElo "2000"]
[WhiteFideId "-1"]
[WhiteFideId "-1"]
[PlyCount "100"]
[GameId "2212173589942361"]
[EventDate "2025.08.01"]
[EventType "swiss"]
[EventRounds "9"]
[EventCountry "CAN"]

1. d4 Nf6 2. c4 e6 3. Nf3 d5 4. e3 Be7 5. Nbd2 O-O 6. b3 Nbd7 7. Bb2 b6 8. Bd3 c5 9. O-O cxd4 10. Nxd4 Bb7 11. Rc1 Rc8 12. Qe2 Nc5 13. Bb1 dxc4 14. Nxc4 b5 15. Ne5 a6 16. Rfd1 Qb6 17. Ndf3 Ba8 18. h3 Qb7 19. Nd3 Nce4 20. Nde5 Rxc1 21. Rxc1 Bd6 22. Qf1 h6 23. Bd3 Nc5 24. Be2 Nfe4 25. Nd3 Nxd3 26. Bxd3 Rd8 27. Rd1 Nc5 28. Be2 Qe7 29. Qe1 Ne4 30. Bd3 Ng5 31. Be2 Kh7 32. Kh1 Ne4 33. Bd3 f5 34. Bf1 Bb4 35. Rxd8 Bxe1 36. Rxa8 Bxf2 37. Bd4 Ng3+ 38. Kh2 Nxf1+ 39. Kh1 Bxe3 40. Ra7 Qxa7 41. Bxa7 Bxa7 42. g4 fxg4 43. hxg4 Ne3 44. g5 h5 45. Ne5 Bd4 46. Nd7 Kg6 47. Nf8+ Kf5 48. Kh2 g6 49. a4 e5 50. Nh7 e4 0-1

[Event "Royal City Masters U2200"]
[Site "Guelph CAN"]
[Date "2025.08.06"]
[Round "9.27"]
[White "Achyuth, Akshaj"]
[Black "Jiang, Hancy"]
[Result "1-0"]
[WhiteElo "1971"]
[BlackElo "2112"]
[WhiteFideId "-1"]
[WhiteFideId "-1"]
[PlyCount "115"]
[GameId "2212173589942362"]
[EventDate "2025.08.01"]
[EventType "swiss"]
[EventRounds "9"]
[EventCountry "CAN"]

1. c4 Nf6 2. Nc3 e5 3. g3 Nc6 4. Bg2 Bc5 5. e3 a5 6. Nge2 O-O 7. O-O d6 8. d4 Ba7 9. a3 exd4 10. Nxd4 Ne5 11. b3 Bg4 12. Nde2 Bf3 13. Bb2 Qd7 14. Bxf3 Nxf3+ 15. Kg2 Ne5 16. Nd4 Rad8 17. Nce2 c5 18. Nb5 Qc6+ 19. f3 Bb8 20. e4 d5 21. Ned4 cxd4 22. Nxd4 Qa6 23. cxd5 Rfe8 24. a4 Nd3 25. Bc3 Rc8 26. Qd2 Nc5 27. Nf5 Ncxe4 28. fxe4 Nxe4 29. Qd4 Qe2+ 30. Kh1 Be5 31. Qd1 Qxd1 32. Raxd1 Nxc3 33. d6 Rcd8 34. Rd3 g6 35. Nh6+ Kg7 36. Nxf7 Rf8 37. Rdf3 Bxd6 38. Nxd8 Rxd8 39. Rxc3 b6 40. Rd3 Be7 41. Rxd8 Bxd8 42. Rd1 Bg5 43. Rd3 Kh6 44. Kg2 Be7 45. Kf3 Bc5 46. Rd5 Bg1 47. h4 Bc5 48. g4 Kg7 49. Rd7+ Kg8 50. Ke4 Bf2 51. h5 gxh5 52. gxh5 Bc5 53. Kf5 Bb4 54. Rb7 Bc5 55. Ke6 Bd4 56. h6 Bc5 57. Rb8+ Bf8 58. Kf6 1-0

[Event "Royal City Masters U2200"]
[Site "Guelph CAN"]
[Date "2025.08.06"]
[Round "9.28"]
[White "Both, Aaron"]
[Black "Velasquez, Noah"]
[Result "0-1"]
[WhiteElo "2000"]
[BlackElo "1989"]
[WhiteFideId "-1"]
[WhiteFideId "-1"]
[PlyCount "108"]
[GameId "2212173589942363"]
[EventDate "2025.08.01"]
[EventType "swiss"]
[EventRounds "9"]
[EventCountry "CAN"]

1. e4 e5 2. f4 exf4 3. Nf3 g5 4. h4 g4 5. Ne5 h5 6. Bc4 Nh6 7. d4 d6 8. Nd3 f3 9. gxf3 Be7 10. Be3 Bxh4+ 11. Kd2 gxf3 12. Qxf3 Bg4 13. Qf1 Qf6 14. Nc3 Bg5 15. Qxf6 Bxf6 16. Raf1 Nd7 17. Nd5 Bd8 18. N5f4 Nb6 19. Bb3 h4 20. Ng2 h3 21. Ngf4 Bg5 22. Rfg1 O-O-O 23. Nf2 Bxf4 24. Bxf4 Bd7 25. Nxh3 Ng4 26. Bxf7 Rdf8 27. Ng5 Nh6 28. Ke3 Nxf7 29. Nxf7 Rxh1 30. Rxh1 Nc4+ 31. Kf3 Nxb2 32. Ng5 Na4 33. e5 Bc6+ 34. Ne4 Nc3 35. Re1 Bxe4+ 36. Rxe4 Nxe4 37. Kxe4 dxe5 38. dxe5 Kd7 39. Be3 a6 40. Kd5 Re8 41. a3 c6+ 42. Ke4 Ke6 43. Bc5 Rh8 44. Bd6 Rh4+ 45. Kd3 Kd5 46. c3 b5 47. Kc2 a5 48. Kb3 c5 49. Bc7 a4+ 50. Kc2 Rh2+ 51. Kc1 Ra2 52. Kb1 Rxa3 53. Kb2 Rb3+ 54. Kc2 c4 0-1

[Event "Royal City Masters U2200"]
[Site "Guelph CAN"]
[Date "2025.08.06"]
[Round "9.29"]
[White "Chen, Larry"]
[Black "Yin, Zeming"]
[Result "1-0"]
[WhiteElo "1985"]
[BlackElo "1999"]
[WhiteFideId "-1"]
[WhiteFideId "-1"]
[PlyCount "103"]
[GameId "2212173589942364"]
[EventDate "2025.08.01"]
[EventType "swiss"]
[EventRounds "9"]
[EventCountry "CAN"]

1. d4 Nf6 2. c4 e6 3. Nf3 b6 4. a3 Bb7 5. Nc3 d5 6. Bg5 Be7 7. e3 O-O 8. Bd3 c5 9. cxd5 Nxd5 10. Bxe7 Qxe7 11. Nxd5 Bxd5 12. dxc5 Qxc5 13. O-O Nd7 14. Rc1 Qd6 15. Bc4 Nf6 16. Qe2 Bxc4 17. Qxc4 Qd5 18. b4 Qxc4 19. Rxc4 Rac8 20. Rfc1 Rxc4 21. Rxc4 Rd8 22. Kf1 Kf8 23. Ne5 Rd1+ 24. Ke2 Ra1 25. Rc7 Rxa3 26. Rxf7+ Kg8 27. Re7 Ra4 28. g4 g6 29. Rxe6 Nd5 30. b5 Nc3+ 31. Kf3 Nxb5 32. g5 Rb4 33. Re8+ Kg7 34. Re7+ Kg8 35. Nd7 a5 36. Nf6+ Kf8 37. Rxh7 a4 38. h4 Rc4 39. h5 Rc7 40. Rh8+ Kf7 41. h6 a3 42. h7 a2 43. Ra8 Rc8 44. Rxc8 a1=Q 45. h8=Q Nd4+ 46. Kg2 Ke6 47. exd4 Kf5 48. Qh4 Qd1 49. Qe4+ Kxg5 50. f4+ Kh6 51. Rh8+ Kg7 52. Rh7+ 1-0

[Event "Royal City Masters U2200"]
[Site "Guelph CAN"]
[Date "2025.08.06"]
[Round "9.30"]
[White "Klarner, William"]
[Black "Nguyen, Minh Thong"]
[Result "0-1"]
[WhiteElo "2034"]
[BlackElo "2147"]
[WhiteFideId "-1"]
[WhiteFideId "-1"]
[PlyCount "92"]
[GameId "2212173589942365"]
[EventDate "2025.08.01"]
[EventType "swiss"]
[EventRounds "9"]
[EventCountry "CAN"]

1. c4 e5 2. Nc3 Nf6 3. Nf3 Nc6 4. g3 Bb4 5. d3 h6 6. Bd2 a5 7. Bg2 O-O 8. O-O d6 9. Ne1 Nd4 10. e3 Ne6 11. f4 exf4 12. gxf4 Nc5 13. a3 Bg4 14. Qc2 Bxc3 15. Bxc3 a4 16. Qf2 d5 17. Bxf6 Qxf6 18. cxd5 Nb3 19. Rb1 Ra6 20. Nc2 Qf5 21. e4 Qh5 22. Rfe1 Rg6 23. Re3 Bd1 24. Kh1 Bxc2 25. Qxc2 c6 26. f5 Rg4 27. Qd1 Qg5 28. Re2 cxd5 29. exd5 Qxf5 30. Be4 Qf4 31. Qf1 Qg5 32. Rd1 f5 33. Bf3 Rh4 34. Rg2 Qf6 35. Re1 Nd4 36. Bd1 f4 37. Qf2 f3 38. Rg3 Qf4 39. Re4 Qxg3 40. Qxg3 Rxe4 41. Bxf3 Rxf3 42. dxe4 Rxg3 43. hxg3 Kf7 44. Kg2 Kf6 45. Kf2 Ke5 46. Ke3 Nb5 0-1

[Event "Royal City Masters U2200"]
[Site "Guelph CAN"]
[Date "2025.08.06"]
[Round "9.31"]
[White "Fu, Odyssey"]
[Black "Maulucci, Anthony"]
[Result "0-1"]
[WhiteElo "1981"]
[BlackElo "2046"]
[WhiteFideId "-1"]
[WhiteFideId "-1"]
[PlyCount "118"]
[GameId "2212173589942366"]
[EventDate "2025.08.01"]
[EventType "swiss"]
[EventRounds "9"]
[EventCountry "CAN"]

1. e4 e6 2. d4 d5 3. Nd2 dxe4 4. Nxe4 Bd7 5. Nf3 Bc6 6. Bd3 Nd7 7. c3 Ngf6 8. Nxf6+ Nxf6 9. O-O Bxf3 10. Qxf3 c6 11. Bc4 Be7 12. Re1 O-O 13. Bf4 Re8 14. a4 a5 15. Rad1 Qb6 16. Bc1 Rad8 17. b3 Nd5 18. Re4 c5 19. Rg4 f5 20. Rg3 cxd4 21. cxd4 Bf6 22. Bg5 Bxg5 23. Rxg5 h6 24. Rg6 Kh7 25. Qg3 Qc7 26. h4 Qxg3 27. Rxg3 Nb4 28. Re1 Nd5 29. Bxd5 Rxd5 30. Rc1 Re7 31. Rc4 f4 32. Rf3 g5 33. hxg5 hxg5 34. g3 fxg3 35. Rxg3 Red7 36. Rg4 Kg6 37. f4 Kf5 38. Rxg5+ Kxf4 39. Rxd5 exd5 40. Rc5 Ke3 41. Rxa5 Kxd4 42. Kf2 Kc3 43. Ke2 Re7+ 44. Kd1 d4 45. Rd5 Rh7 46. Rc5+ Kxb3 47. Rd5 Kc4 48. Rg5 Rh1+ 49. Kd2 Rh2+ 50. Kd1 Kc3 51. Rb5 Rh1+ 52. Ke2 d3+ 53. Ke3 Re1+ 54. Kf2 d2 55. Rc5+ Kb4 56. Rd5 d1=Q 57. Rxd1 Rxd1 58. Ke2 Rd8 59. a5 Kxa5 0-1

[Event "Royal City Masters U2200"]
[Site "Guelph CAN"]
[Date "2025.08.06"]
[Round "9.32"]
[White "Li, Jerry"]
[Black "Filipovich, David"]
[Result "0-1"]
[WhiteElo "1819"]
[BlackElo "2020"]
[WhiteFideId "-1"]
[WhiteFideId "-1"]
[PlyCount "132"]
[GameId "2212173589942367"]
[EventDate "2025.08.01"]
[EventType "swiss"]
[EventRounds "9"]
[EventCountry "CAN"]

1. e4 g6 2. d4 Bg7 3. Nc3 d6 4. Be3 a6 5. Qd2 b5 6. f3 Nd7 7. Nge2 Bb7 8. g4 c5 9. Ng3 cxd4 10. Bxd4 Bxd4 11. Qxd4 Ne5 12. Be2 Nf6 13. f4 Nc6 14. Qd2 Rc8 15. f5 Ne5 16. g5 b4 17. gxf6 bxc3 18. bxc3 exf6 19. O-O O-O 20. Rab1 Qc7 21. Qh6 Ba8 22. Rf4 Qc5+ 23. Kh1 Qe3 24. Rg1 Rxc3 25. Rg2 Rxc2 26. fxg6 fxg6 27. Nf5 Rc1+ 28. Bf1 Qa7 29. Nxd6 Qc7 30. Nf5 Rxf1+ 31. Rxf1 Bxe4 32. Nd4 Qc4 33. Rd1 Qxa2 34. Qh3 Rd8 35. Rdg1 Bxg2+ 36. Rxg2 Qb1+ 37. Rg1 Qe4+ 38. Rg2 Rxd4 39. Qe6+ Kg7 40. Qe7+ Nf7 41. Qxe4 Rxe4 42. Ra2 Re6 43. Kg2 f5 44. Rf2 a5 45. Ra2 Ra6 46. h4 a4 47. Ra3 Nd6 48. Kf3 Nb5 49. Rd3 Ra7 50. Kf4 a3 51. Rd1 a2 52. Ra1 Nd4 53. h5 Nc2 54. h6+ Kf7 55. Rc1 a1=Q 56. Rxa1 Rxa1 57. Kg5 Rf1 58. Kh4 Rg1 59. Kh3 Rg4 60. Kh2 Kf6 61. Kh3 Kg5 62. Kh2 Kf4 63. Kh3 Kf3 64. Kh2 Kf2 65. Kh3 Na1 66. Kh2 Rh4# 0-1